[Event "Klatovy op-C 29th"]
[Site "Klatovy"]
[Date "2023.07.09"]
[Round "9"]
[White "Macho, Miloslav"]
[Black "Baumruk, Josef"]
[Result "0-1"]
[WhiteElo "1705"]
[BlackElo "1947"]
[PlyCount "112"]
[EventDate "2023.07.01"]
[EventType "swiss"]
[EventRounds "9"]
[EventCountry "CZE"]
[SourceTitle "CBM 215 Extra"]
[Source "ChessBase"]
[SourceDate "2023.09.30"]
[SourceVersion "1"]
[SourceVersionDate "2023.09.30"]
[SourceQuality "1"]

1. Nf3 Nf6 2. b3 g6 3. Bb2 Bg7 4. e3 d5 5. Be2 0-0 6. 0-0 b6 7. d3 Bb7 8. Re1 Nbd7 9. Nbd2 c5 10. Rc1 Re8 11. Ne5 Qc7 12. Nxd7 Qxd7 13. Nf3 Rad8 14. d4 Ne4 15. c3 Qf5 16. Bb5 Rf8 17. Qe2 f6 18. Nd2 Nxd2 19. Qxd2 e5 20. dxc5 bxc5 21. Ba3 Rc8 22. Qe2 Qe6 23. Red1 a6 24. Ba4 Rfd8 25. h3 f5 26. Bb2 Bh6 27. Rc2 Bg5 28. c4 d4 29. exd4 cxd4 30. Bxd4 Be4 31. Bb2 Bxc2 32. Qxc2 Rxd1+ 33. Qxd1 Rd8 34. Qf3 Bf6 35. Qc3 Kf7 36. Qa5 Rd1+ 37. Kh2 e4 38. b4 Bxb2 39. Bxd1 Qd6+ 40. g3 Qxd1 41. Qc7+ Ke6 42. Qc8+ Ke7 43. Qb7+ Qd7 44. Qxa6 e3 45. c5 Qd2 46. Qb7+ Ke6 47. Qc6+ Ke5 48. Qc7+ Kd5 49. Qf4 Qxf2+ 50. Qxf2 exf2 51. Kg2 Ba3 52. Kxf2 Bxb4 53. Kf3 g5 54. g4 f4 55. h4 h6 56. hxg5 hxg5 0-1

[Event "Plzen Calliditas op"]
[Site "Plzen"]
[Date "2020.08.30"]
[Round "9"]
[White "Macho, Miloslav"]
[Black "Mametev, Artem"]
[Result "1-0"]
[WhiteElo "1661"]
[BlackElo "1479"]
[PlyCount "55"]
[EventDate "2020.08.23"]
[EventType "swiss"]
[EventRounds "9"]
[EventCountry "CZE"]
[SourceTitle "CBM 198 Extra"]
[Source "ChessBase"]
[SourceDate "2020.11.30"]
[SourceVersion "1"]
[SourceVersionDate "2020.11.30"]
[SourceQuality "1"]

1. e4 c5 2. Nc3 e6 3. g3 d6 4. Bg2 Nc6 5. Nf3 Nf6 6. 0-0 Be7 7. Re1 Qc7 8. d3 a6 9. a4 0-0 10. Bd2 Bd7 11. Ne2 d5 12. exd5 exd5 13. Bf4 Bd6 14. Bg5 Be7 15. Nc3 Be6 16. d4 h6 17. Bf4 Bd6 18. Be5 Bxe5 19. dxe5 Nd7 20. Nxd5 Bxd5 21. Qxd5 Rfe8 22. e6 Rxe6 23. Rxe6 Nb4 24. Qd6 Qxd6 25. Rxd6 Nf6 26. c3 Nc6 27. Re1 Kf8 28. Nh4 1-0

[Event "Plzen Calliditas op"]
[Site "Plzen"]
[Date "2020.08.27"]
[Round "6"]
[White "Mastny, Theodor"]
[Black "Macho, Miloslav"]
[Result "0-1"]
[WhiteElo "1440"]
[BlackElo "1661"]
[PlyCount "76"]
[EventDate "2020.08.23"]
[EventType "swiss"]
[EventRounds "9"]
[EventCountry "CZE"]
[SourceTitle "CBM 198 Extra"]
[Source "ChessBase"]
[SourceDate "2020.11.30"]
[SourceVersion "1"]
[SourceVersionDate "2020.11.30"]
[SourceQuality "1"]

1. d4 g6 2. e4 d6 3. Nf3 Bg7 4. Bc4 Nf6 5. Nc3 0-0 6. 0-0 c6 7. Bf4 b5 8. Bd3 b4 9. Nb1 a5 10. a3 Na6 11. Nbd2 Bb7 12. Re1 c5 13. axb4 Nxb4 14. e5 dxe5 15. Bxe5 Nxd3 16. cxd3 Nd7 17. Bxg7 Kxg7 18. Qe2 cxd4 19. Qxe7 Bxf3 20. Nxf3 Qxe7 21. Rxe7 Nc5 22. Nxd4 Rfd8 23. Nc6 Rd6 24. Rxa5 Rxd3 25. g3 Rxa5 26. Nxa5 Rd2 27. b4 Nd3 28. b5 Rb2 29. Rb7 Nxf2 30. b6 Nh3+ 31. Kh1 Nf2+ 32. Kg2 Ne4+ 33. Kf3 Nc5 34. Rb8 Nd7 35. Rb7 Nxb6 36. Ke4 Na4 37. h4 Nc5+ 38. Kf3 Nxb7 0-1

[Event "Klatovy op-B 24th"]
[Site "Klatovy"]
[Date "2018.07.05"]
[Round "6"]
[White "Macho, Miloslav"]
[Black "Jirasek, Jiri"]
[Result "1/2-1/2"]
[WhiteElo "1710"]
[BlackElo "1903"]
[PlyCount "67"]
[EventDate "2018.06.30"]
[EventType "swiss"]
[EventRounds "9"]
[EventCountry "CZE"]
[SourceTitle "EXT 2019"]
[Source "ChessBase"]
[SourceDate "2018.10.10"]
[SourceVersion "1"]
[SourceVersionDate "2018.10.10"]
[SourceQuality "1"]

1. e4 e5 2. Nf3 Nc6 3. Nc3 Nf6 4. Bb5 d6 5. d3 Bg4 6. h3 Bh5 7. g4 Bg6 8. Bg5 Be7 9. Qd2 0-0 10. h4 h5 11. Bxf6 Bxf6 12. g5 Be7 13. 0-0-0 a6 14. Bxc6 bxc6 15. d4 exd4 16. Nxd4 Qd7 17. f4 f5 18. gxf6 Bxf6 19. f5 Bf7 20. Nf3 Qe8 21. Rhg1 Kh8 22. Rde1 Rb8 23. Ng5 Rb4 24. a3 Rc4 25. Ne2 Qe5 26. c3 d5 27. Nf4 Bxg5 28. hxg5 Rxe4 29. g6 Qxf4 30. Qxf4 Rxf4 31. Rg5 Bxg6 32. fxg6 Rf1 33. Rxh5+ Kg8 34. Rhe5 1/2-1/2

[Event "Klatovy op-B 24th"]
[Site "Klatovy"]
[Date "2018.06.30"]
[Round "1"]
[White "Veverkova, Dorota"]
[Black "Macho, Miloslav"]
[Result "0-1"]
[WhiteElo "1277"]
[BlackElo "1710"]
[PlyCount "54"]
[EventDate "2018.06.30"]
[EventType "swiss"]
[EventRounds "9"]
[EventCountry "CZE"]
[SourceTitle "CBM 185 Extra"]
[Source "ChessBase"]
[SourceDate "2018.07.29"]
[SourceVersion "1"]
[SourceVersionDate "2018.07.29"]
[SourceQuality "1"]

1. e4 Nf6 2. e5 Nd5 3. d4 d6 4. c4 Nb6 5. Nf3 Nc6 6. exd6 exd6 7. Nc3 Bg4 8. Bf4 Qe7+ 9. Qe2 Bxf3 10. Qxe7+ Bxe7 11. d5 Nd4 12. Kd2 Bh5 13. Re1 Kd7 14. Bd3 Bg6 15. Re3 Rae8 16. g4 Bh4 17. Bxg6 fxg6 18. Kd3 Rxe3+ 19. fxe3 Nf3 20. Rf1 Ne1+ 21. Kd2 Nxc4+ 22. Ke2 Ng2 23. Bg3 Re8 24. Nd1 Bg5 25. Rf7+ Re7 26. Rxe7+ Kxe7 27. e4 h5 0-1

[Event "Plzen op 9th"]
[Site "Plzen"]
[Date "2017.11.19"]
[Round "1"]
[White "Kopriva, Martin"]
[Black "Macho, Miloslav"]
[Result "1-0"]
[WhiteElo "2084"]
[BlackElo "1720"]
[PlyCount "89"]
[EventDate "2017.11.19"]
[EventType "swiss"]
[EventRounds "7"]
[EventCountry "CZE"]
[SourceTitle "CBM 181 Extra"]
[Source "ChessBase"]
[SourceDate "2017.12.12"]
[SourceVersion "1"]
[SourceVersionDate "2017.12.12"]
[SourceQuality "1"]

1. d4 c5 2. e4 cxd4 3. Nf3 Nc6 4. c3 d3 5. Bxd3 g6 6. 0-0 Bg7 7. Qe2 Nf6 8. Bf4 0-0 9. a4 d6 10. h3 Nh5 11. Bh2 Bh6 12. Na3 Nf4 13. Bxf4 Bxf4 14. g3 Bh6 15. Kg2 Bg7 16. Nc4 Qc7 17. Ne3 Qd7 18. Ng1 Qd8 19. f4 Bh6 20. g4 e5 21. f5 Bxe3 22. Qxe3 gxf5 23. gxf5 Qf6 24. Nf3 Kh8 25. Kh2 Bd7 26. Bc4 Rg8 27. Rg1 Rxg1 28. Rxg1 Rg8 29. Ng5 Be8 30. Qg3 h6 31. Nh7 Rxg3 32. Nxf6 Rxg1 33. Kxg1 Na5 34. Nxe8 Nxc4 35. b3 Nd2 36. Nxd6 Kg7 37. b4 b6 38. Kf2 Kf6 39. Ke2 Nb1 40. Kd3 Na3 41. h4 a6 42. Nc4 Nxc4 43. Kxc4 Ke7 44. Kd5 f6 45. Kc6 1-0

[Event "Marianske Lazne op 16th"]
[Site "Marianske Lazne"]
[Date "2017.01.26"]
[Round "7"]
[White "Pozimski, Szymon"]
[Black "Macho, Miloslav"]
[Result "1-0"]
[WhiteElo "2029"]
[BlackElo "1735"]
[PlyCount "69"]
[EventDate "2017.01.21"]
[EventType "swiss"]
[EventRounds "9"]
[EventCountry "CZE"]
[SourceTitle "CBM 176 Extra"]
[Source "ChessBase"]
[SourceDate "2017.03.02"]
[SourceVersion "1"]
[SourceVersionDate "2017.03.02"]
[SourceQuality "1"]

1. e4 c5 2. Nf3 Nc6 3. Be2 Nf6 4. Nc3 e5 5. Bc4 Nxe4 6. Nxe4 d5 7. Qe2 dxc4 8. Qxc4 Be6 9. Qc3 Qd5 10. Neg5 Nd4 11. Nxe6 Nxf3+ 12. Qxf3 Qxf3 13. Nxg7+ Bxg7 14. gxf3 0-0-0 15. d3 Rd6 16. Ke2 f5 17. Rg1 Rg6 18. Be3 b6 19. Rxg6 hxg6 20. Rg1 f4 21. Rxg6 fxe3 22. Rxg7 exf2 23. Rg2 Rh4 24. Kxf2 Kb7 25. Kg3 Rd4 26. h4 c4 27. dxc4 Rxc4 28. h5 e4 29. fxe4 Rxe4 30. h6 Re8 31. h7 Rh8 32. Rh2 Kc7 33. Kg4 Kd6 34. Kg5 Ke7 35. Kg6 1-0

[Event "Klatovy op-B 22nd"]
[Site "Klatovy"]
[Date "2016.07.10"]
[Round "9"]
[White "Macho, Miloslav"]
[Black "Bauer, Jan2222"]
[Result "1-0"]
[WhiteElo "1675"]
[BlackElo "1296"]
[PlyCount "39"]
[EventDate "2016.07.02"]
[EventType "swiss"]
[EventRounds "9"]
[EventCountry "CZE"]
[SourceTitle "EXT 2019"]
[Source "ChessBase"]
[SourceDate "2018.10.10"]
[SourceVersion "1"]
[SourceVersionDate "2018.10.10"]
[SourceQuality "1"]

1. e4 e5 2. Nf3 Nc6 3. c3 d6 4. d4 Bg4 5. h3 Bh5 6. Bb5 a6 7. Bxc6+ bxc6 8. Qa4 Ne7 9. c4 Bg6 10. dxe5 dxe5 11. Nxe5 Qd6 12. Bf4 Ra7 13. Nd2 Qc5 14. Nxc6 Nxc6 15. Be3 Qd6 16. Bxa7 Qf4 17. 0-0-0 Be7 18. Qxc6+ Kd8 19. Rhe1 Bd6 20. Re3 1-0

[Event "Klatovy op-B 22nd"]
[Site "Klatovy"]
[Date "2016.07.08"]
[Round "7"]
[White "Macho, Miloslav"]
[Black "Micka, Norbert"]
[Result "1/2-1/2"]
[WhiteElo "1675"]
[BlackElo "1848"]
[PlyCount "51"]
[EventDate "2016.07.02"]
[EventType "swiss"]
[EventRounds "9"]
[EventCountry "CZE"]
[SourceTitle "EXT 2019"]
[Source "ChessBase"]
[SourceDate "2018.10.10"]
[SourceVersion "1"]
[SourceVersionDate "2018.10.10"]
[SourceQuality "1"]

1. e4 e6 2. d4 d5 3. Nd2 Nf6 4. e5 Nfd7 5. f4 c5 6. c3 Nc6 7. Ngf3 cxd4 8. cxd4 Qb6 9. Nb3 a5 10. a4 Bb4+ 11. Kf2 f6 12. Be3 0-0 13. Bd3 Qd8 14. Kg1 Be7 15. Qb1 f5 16. h4 Nb4 17. Be2 Nb6 18. Nc5 Nc4 19. Bf2 b6 20. Nd3 Nxd3 21. Bxd3 Bb4 22. b3 Nd2 23. Nxd2 Bxd2 24. g3 Bb4 25. Kg2 Bd7 26. Rc1 1/2-1/2

[Event "Ricany op"]
[Site "Ricany"]
[Date "2015.08.26"]
[Round "6"]
[White "Hlavacek, Ondrej1111"]
[Black "Macho, Miloslav"]
[Result "1/2-1/2"]
[WhiteElo "1668"]
[BlackElo "1922"]
[PlyCount "29"]
[EventDate "2015.08.22"]
[EventType "swiss"]
[EventRounds "9"]
[EventCountry "CZE"]
[SourceTitle "EXT 2023"]
[Source "ChessBase"]
[SourceDate "2022.10.05"]
[SourceVersion "1"]
[SourceVersionDate "2022.10.05"]
[SourceQuality "1"]

1. d4 c5 2. d5 e5 3. c4 d6 4. Nc3 Ne7 5. e4 Ng6 6. Nf3 Be7 7. Be2 0-0 8. 0-0 Na6 9. a3 Nc7 10. Rb1 f5 11. exf5 Bxf5 12. Bd3 Qd7 13. b4 Bg4 14. Be2 Bf5 15. Bd3 1/2-1/2